| 000 | 00407nam a2200157Ia 4500 | ||
|---|---|---|---|
| 008 | 210210b2001 xxu||||| |||| 00| 0 eng d | ||
| 020 | _a0333 93679 5 | ||
| 082 | _a001.64 FADU | ||
| 100 | _aFADIA (Ankit). | ||
| 245 | _aUnofficial guide to ethical hacking. | ||
| 260 |
_aDelhi. _bMacmillan India Ltd. _c2001 |
||
| 300 | _axix,608 | ||
| 650 | _aHacking | ||
| 690 | _aComputer Science | ||
| 906 | _a057243 | ||
| 999 |
_c104800 _d104800 |
||